Normal view MARC view

Entry Personal Name

Number of records used in: 6

001 - CONTROL NUMBER

  • control field: 163967

003 - CONTROL NUMBER IDENTIFIER

  • control field: OSt

005 - DATE AND TIME OF LATEST TRANSACTION

  • control field: 20220923220000.0

008 - FIXED-LENGTH DATA ELEMENTS

  • fixed length control field: 220923|| aca||aabn | a|a d

040 ## - CATALOGING SOURCE

  • Original cataloging agency: OSt
  • Transcribing agency: OSt

100 ## - HEADING--PERSONAL NAME

  • Personal name: तिवारी, संतोष कुमार, संपा

670 ## - SOURCE DATA FOUND

  • Source citation: Work cat.: (OSt)336669: तिवारी, संतोष कुमार, संपा., कवि 'तरूण' का काव्य, 1990
Copyright @ Delhi University Library System